000
00231nam a22000977a 4500
999
_c
13310
_d
13310
082
_a
954
_b
10392
100
_a
Azad Bin Haider
245
_a
Quaid E Azam: Challenge Secularism
260
_a
Karachi
_b
Jinnah thinkers forum
942
_c
BK